|
|
|
|
| LEADER |
01118cas#a2200253#a#4500 |
| 001 |
016308 |
| 005 |
20160923115238.0 |
| 008 |
010816c2000####ag####p#############spa#d |
| 022 |
|
|
|a 1514-5999
|
| 040 |
|
|
|a AR-beUNQ
|
| 099 |
|
|
|a P-AR-REV58 [En Depósito C103]
|
| 110 |
2 |
|
|a Universidad Nacional del Comahue. Facultad de Humanidades. Maestría en Filosofía e Historia de las CienciasFundación Bariloche. Programa de FilosofíaUniversidad Nacional de Quilmes. Centro de Estudios e Investigaciónes
|
| 245 |
0 |
0 |
|a Revista patagónica de filosofía
|c Universidad Nacional del Comahue. Facultad de Humanidades. Maestría en Filosofía e Historia de las CienciasFundación Bariloche. Programa de FilosofíaUniversidad Nacional de Quilmes. Centro de Estudios e Investigaciónes.
|
| 260 |
|
|
|a Comahue :
|b La Facultad,
|
| 300 |
|
|
|a v.
|
| 310 |
|
|
|a semestral
|
| 650 |
|
7 |
|a FILOSOFIA
|2 Spines
|
| 650 |
|
7 |
|a HISTORIA
|2 Spines
|
| 650 |
|
7 |
|a FILOSOFIA DEL LENGUAJE
|2 Spines
|
| 650 |
|
7 |
|a FILOSOFIA DE LA CIENCIA
|2 Spines
|
| 650 |
|
7 |
|a FILOSOFIA DEL CONOCIMIENTO
|2 Spines
|
| 866 |
0 |
|
|a 2000 2(1)
|
| 929 |
|
|
|j 29728
|
| 999 |
|
|
|c 26959
|d 109765
|